{"text_format":"3","workbook":"xlsx","n_sheets":1,"sheets":["Sheet2"],"not_rendered":{"defined_names":1},"read":"whole","date_system":"1900"}

{"sheet":"Sheet2","index":0,"n_rows":246,"n_cols":11,"rows_kept":246}
["Supplementary Table 1: Instrumental variables and F-statistic values for all dietary factors."]
["exposure","SNP","effect_allele.exposure","other_allele.exposure","eaf.exposure","beta.exposure","se.exposure","pval.exposure","samplesize.exposure","R2","Fvalue"]
["Alcohol intake frequency","rs34440851","T","C",0.157151,-0.0226831,0.00415058,{"v":4.60002e-8,"d":"4.60E-08"},462346,0.000136301845226001,63.0269310161666]
["Alcohol intake frequency","rs489062","A","G",0.437454,0.0166498,0.00305291,{"v":4.90004e-8,"d":"4.90E-08"},462346,0.00013643898211435,63.0903527301846]
["Alcohol intake frequency","rs7514579","C","A",0.232457,0.0196672,0.00359788,{"v":4.60002e-8,"d":"4.60E-08"},462346,0.00013802584293371,63.8242297184497]
["Alcohol intake frequency","rs71651683","T","C",0.0142,-0.0704589,0.0127906,{"v":3.59998e-8,"d":"3.60E-08"},462346,0.000138988501080267,64.2694322555096]
["Alcohol intake frequency","rs11750777","A","G",0.209454,-0.020493,0.00372613,{"v":3.79997e-8,"d":"3.80E-08"},462346,0.000139077501466077,64.3105924943537]
["Alcohol intake frequency","rs28622224","T","C",0.280364,-0.0186203,0.00336834,{"v":3.2e-8,"d":"3.20E-08"},462346,0.000139906686721887,64.6940682984903]
["Alcohol intake frequency","rs6943160","C","T",0.208646,0.020627,0.00372774,{"v":3.09999e-8,"d":"3.10E-08"},462346,0.000140502159033477,64.9694585653738]
["Alcohol intake frequency","rs9829192","T","G",0.435133,0.0169324,0.00305032,{"v":2.80001e-8,"d":"2.80E-08"},462346,0.000140940321901787,65.1720975657699]
["Alcohol intake frequency","rs34631026","T","C",0.446061,-0.0169128,0.00304832,{"v":2.90001e-8,"d":"2.90E-08"},462346,0.000141356967059258,65.3647853458545]
["Alcohol intake frequency","rs7298932","G","A",0.147849,-0.0237214,0.00431166,{"v":3.79997e-8,"d":"3.80E-08"},462346,0.000141789992244566,65.5650486420603]
["Alcohol intake frequency","rs74679146","C","T",0.074515,-0.0320735,0.00575757,{"v":2.5e-8,"d":"2.50E-08"},462346,0.000141884774703694,65.6088831772129]
["Alcohol intake frequency","rs9648478","A","G",0.510245,0.0168603,0.00302891,{"v":2.59998e-8,"d":"2.60E-08"},462346,0.000142075184131985,65.696942837569]
["Alcohol intake frequency","rs4940926","C","T",0.735045,-0.0191003,0.00344068,{"v":2.80001e-8,"d":"2.80E-08"},462346,0.000142100766352771,65.708773985745]
["Alcohol intake frequency","rs1937522","G","A",0.528054,0.0168979,0.00303207,{"v":2.5e-8,"d":"2.50E-08"},462346,0.000142320058409442,65.8101911955099]
["Alcohol intake frequency","rs56194430","T","C",0.16931,0.0225403,0.00407148,{"v":3.09999e-8,"d":"3.10E-08"},462346,0.000142912748523566,66.0842960917682]
["Alcohol intake frequency","rs262240","T","C",0.468553,-0.017207,0.00303483,{"v":1.40001e-8,"d":"1.40E-08"},462346,0.000147454827619687,68.1849090150016]
["Alcohol intake frequency","rs4241258","T","C",0.13763,0.0250636,0.00440325,{"v":1.29999e-8,"d":"1.30E-08"},462346,0.000149115794623804,68.9530749421099]
["Alcohol intake frequency","rs11700855","G","A",0.093465,-0.029795,0.00523292,{"v":1.2e-8,"d":"1.20E-08"},462346,0.000150435509665277,69.5634200892379]
["Alcohol intake frequency","rs10792669","G","A",0.505254,0.0174322,0.00304065,{"v":9.90011e-9,"d":"9.90E-09"},462346,0.000151924021411196,70.2518326962726]
["Alcohol intake frequency","rs7302200","A","G",0.339998,-0.0184222,0.00319841,{"v":8.40001e-9,"d":"8.40E-09"},462346,0.000152312166428737,70.4313438258908]
["Alcohol intake frequency","rs28787109","A","G",0.40423,0.0178107,0.00308461,{"v":7.69999e-9,"d":"7.70E-09"},462346,0.000152791482537061,70.6530203818448]
["Alcohol intake frequency","rs1666658","C","T",0.392206,0.0179674,0.00309866,{"v":6.69993e-9,"d":"6.70E-09"},462346,0.000153911513991288,71.1710190640846]
["Alcohol intake frequency","rs9912298","C","A",0.239585,0.0205894,0.00358993,{"v":9.69996e-9,"d":"9.70E-09"},462346,0.000154464142176373,71.4266021992303]
["Alcohol intake frequency","rs34473884","A","G",0.24819,-0.0203615,0.00350346,{"v":6.19998e-9,"d":"6.20E-09"},462346,0.000154718380227809,71.5441839883077]
["Alcohol intake frequency","rs12312693","C","T",0.451772,-0.0176811,0.00305026,{"v":6.80002e-9,"d":"6.80E-09"},462346,0.000154856371854939,71.6080033444935]
["Alcohol intake frequency","rs62339673","A","C",0.626705,0.0182943,0.00315406,{"v":6.59994e-9,"d":"6.60E-09"},462346,0.000156594650346073,72.4119363414573]
["Alcohol intake frequency","rs1515591","G","T",0.383186,0.0182303,0.00311635,{"v":4.90004e-9,"d":"4.90E-09"},462346,0.000157101916316655,72.646541308361]
["Alcohol intake frequency","rs186347","T","G",0.463343,0.0179489,0.00305071,{"v":4e-9,"d":"4.00E-09"},462346,0.000160215701759096,74.0866382568467]
["Alcohol intake frequency","rs9958320","C","T",0.153147,0.0248553,0.00427092,{"v":5.89997e-9,"d":"5.90E-09"},462346,0.000160245018878234,74.1001971957367]
["Alcohol intake frequency","rs2535911","T","C",0.354749,-0.0188476,0.00316849,{"v":2.69998e-9,"d":"2.70E-09"},462346,0.000162626746758536,75.2017304160968]
["Alcohol intake frequency","rs4417025","A","G",0.361153,-0.0188379,0.00316516,{"v":2.69998e-9,"d":"2.70E-09"},462346,0.000163750658990841,75.7215341315754]
["Alcohol intake frequency","rs6030200","A","G",0.31415,-0.019529,0.00327075,{"v":2.39999e-9,"d":"2.40E-09"},462346,0.000164344893208801,75.9963649202069]
["Alcohol intake frequency","rs1228589","A","G",0.246133,0.0210699,0.00352806,{"v":2.30001e-9,"d":"2.30E-09"},462346,0.000164747761519043,76.1826899794011]
["Alcohol intake frequency","rs9906502","A","G",0.176998,0.0237883,0.00396178,{"v":1.89998e-9,"d":"1.90E-09"},462346,0.000164864085928407,76.2364896036562]
["Alcohol intake frequency","rs9403297","A","G",0.372967,0.0188234,0.00313037,{"v":1.79999e-9,"d":"1.80E-09"},462346,0.000165724586119403,76.634468260324]
["Alcohol intake frequency","rs2160935","T","C",0.604293,-0.018718,0.00309117,{"v":1.40001e-9,"d":"1.40E-09"},462346,0.000167559932982902,77.4833127537393]
["Alcohol intake frequency","rs80292319","C","T",0.057704,-0.0393728,0.00649583,{"v":1.40001e-9,"d":"1.40E-09"},462346,0.000168583809721228,77.9568551853923]
["Alcohol intake frequency","rs2043677","T","C",0.145599,0.0261133,0.0043272,{"v":1.6e-9,"d":"1.60E-09"},462346,0.000169657730066818,78.4535438001696]
["Alcohol intake frequency","rs2159935","A","G",0.490369,-0.0185742,0.00302582,{"v":8.30004e-10,"d":"8.30E-10"},462346,0.000172436450900903,79.7387083151882]
["Alcohol intake frequency","rs6727281","T","C",0.184023,-0.024322,0.00391964,{"v":5.49997e-10,"d":"5.50E-10"},462346,0.000177655471586255,82.1525362026366]
["Alcohol intake frequency","rs9349379","G","A",0.405493,-0.0193455,0.00308215,{"v":3.50002e-10,"d":"3.50E-10"},462346,0.000180438931810286,83.4399132977206]
["Alcohol intake frequency","rs461599","C","A",0.462259,-0.0191888,0.00303977,{"v":2.69998e-10,"d":"2.70E-10"},462346,0.000183056078402042,84.6503752784475]
["Alcohol intake frequency","rs7330939","T","C",0.720352,-0.0213301,0.0034046,{"v":3.69999e-10,"d":"3.70E-10"},462346,0.000183304135301338,84.7651049260242]
["Alcohol intake frequency","rs73050128","A","C",0.164488,-0.0260048,0.00409088,{"v":2.1e-10,"d":"2.10E-10"},462346,0.000185876267737734,85.9547540798177]
["Alcohol intake frequency","rs2924321","A","G",0.539592,-0.0195131,0.00305022,{"v":1.6e-10,"d":"1.60E-10"},462346,0.000189186829692581,87.4859467762998]
["Alcohol intake frequency","rs1421085","C","T",0.403447,0.0199392,0.00308481,{"v":1e-10,"d":"1.00E-10"},462346,0.000191373138500601,88.4971583258589]
["Alcohol intake frequency","rs10188314","T","C",0.470852,-0.0197869,0.00303605,{"v":7.19946e-11,"d":"7.20E-11"},462346,0.000195095427999307,90.2188018386701]
["Alcohol intake frequency","rs2717063","A","C",0.585731,-0.0203704,0.00308457,{"v":4.00037e-11,"d":"4.00E-11"},462346,0.000201376948458505,93.1241769206749]
["Alcohol intake frequency","rs13390019","C","T",0.134041,0.0296116,0.00449182,{"v":4.30031e-11,"d":"4.30E-11"},462346,0.00020355826168876,94.1331025129431]
["Alcohol intake frequency","rs11223617","A","G",0.206155,0.0250908,0.00375381,{"v":2.29985e-11,"d":"2.30E-11"},462346,0.000206057581976834,95.2891217275091]
["Alcohol intake frequency","rs62466318","T","C",0.202827,-0.0254919,0.0037742,{"v":1.39991e-11,"d":"1.40E-11"},462346,0.000210141949015554,97.1782905110173]
["Alcohol intake frequency","rs72787062","A","G",0.162767,-0.0281947,0.00410324,{"v":6.4003e-12,"d":"6.40E-12"},462346,0.000216659456039545,100.192907283938]
["Alcohol intake frequency","rs1991083","T","C",0.679886,-0.0223925,0.00325813,{"v":6.29941e-12,"d":"6.30E-12"},462346,0.000218260893133523,100.933644242265]
["Alcohol intake frequency","rs4726481","T","G",0.400576,0.0217614,0.00310188,{"v":2.29985e-12,"d":"2.30E-12"},462346,0.000227416888035393,105.168750831869]
["Alcohol intake frequency","rs9814516","T","G",0.237423,-0.0251117,0.00355589,{"v":1.59993e-12,"d":"1.60E-12"},462346,0.000228343532377465,105.597374611055]
["Alcohol intake frequency","rs473098","T","C",0.557689,-0.0217406,0.00304345,{"v":9.09913e-13,"d":"9.10E-13"},462346,0.000233180841642562,107.834908083014]
["Alcohol intake frequency","rs838145","A","G",0.542982,0.0219548,0.00305549,{"v":6.70039e-13,"d":"6.70E-13"},462346,0.000239225628547894,110.630999775806]
["Alcohol intake frequency","rs11039429","T","C",0.454624,-0.0235595,0.00303737,{"v":8.69961e-15,"d":"8.70E-15"},462346,0.000275239344733754,127.290294898942]
["Alcohol intake frequency","rs7610856","A","C",0.429053,-0.023864,0.00307022,{"v":7.70016e-15,"d":"7.70E-15"},462346,0.000279012213590876,129.035625395934]
["Alcohol intake frequency","rs4916723","C","A",0.420617,0.0239479,0.00309951,{"v":1.10002e-14,"d":"1.10E-14"},462346,0.000279522928266793,129.271883201917]
["Alcohol intake frequency","rs13135092","G","A",0.083483,0.0438341,0.00549884,{"v":1.59993e-15,"d":"1.60E-15"},462346,0.000294030752858302,135.983337682674]
["Alcohol intake frequency","rs9372625","A","G",0.381706,-0.0255579,0.00312467,{"v":2.90001e-16,"d":"2.90E-16"},462346,0.000308321881441581,142.594737030831]
["Alcohol intake frequency","rs35105141","T","C",0.401541,0.026345,0.00308788,{"v":1.39991e-17,"d":"1.40E-17"},462346,0.000333572853645451,154.276870021637]
["Alcohol intake frequency","rs58905411","A","G",0.410052,-0.0266343,0.00307848,{"v":5.10035e-18,"d":"5.10E-18"},462346,0.000343214191942234,158.737503323274]
["Alcohol intake frequency","rs1893659","A","C",0.459939,-0.029326,0.00305313,{"v":7.59976e-22,"d":"7.60E-22"},462346,0.00042724669217724,197.619376873073]
["Alcohol intake frequency","rs11940694","G","A",0.604193,-0.0437138,0.00311609,{"v":1e-44,"d":"1.00E-44"},462346,0.000913958081831636,422.949593585631]
["Alcohol intake frequency","rs780094","C","T",0.615206,-0.0509938,0.00310506,{"v":1.29987e-60,"d":"1.30E-60"},462346,0.00123115746364744,569.919927545091]
["Beef intake","rs11878917","A","G",0.109688,0.0150187,0.00274812,{"v":4.60002e-8,"d":"4.60E-08"},461053,{"v":4.40550831350928e-5,"d":"4.41E-05"},20.312535004936]
["Beef intake","rs7791463","A","G",0.534781,0.00954846,0.00171063,{"v":2.39999e-8,"d":"2.40E-08"},461053,{"v":4.53659567406741e-5,"d":"4.54E-05"},20.916968639539]
["Beef intake","rs784251","T","C",0.477649,-0.0103387,0.00171651,{"v":1.7e-9,"d":"1.70E-09"},461053,{"v":5.33375626499702e-5,"d":"5.33E-05"},24.5926483092514]
["Beef intake","rs10959890","C","T",0.212297,-0.0126658,0.00209611,{"v":1.5e-9,"d":"1.50E-09"},461053,{"v":5.36539381494803e-5,"d":"5.37E-05"},24.7385291572694]
["Beef intake","rs1105388","T","C",0.300147,-0.0113754,0.00187563,{"v":1.29999e-9,"d":"1.30E-09"},461053,{"v":5.43630963824815e-5,"d":"5.44E-05"},25.0655225896599]
["Beef intake","rs429358","C","T",0.154226,-0.0148514,0.00236847,{"v":3.59998e-10,"d":"3.60E-10"},461053,{"v":5.7540908092903e-5,"d":"5.75E-05"},26.5308198246062]
["Beef intake","rs1421085","C","T",0.403433,-0.0121232,0.00174274,{"v":3.50026e-12,"d":"3.50E-12"},461053,{"v":7.07449072024535e-5,"d":"7.07E-05"},32.6193178612135]
["Beef intake","rs10789340","G","A",0.626712,-0.0137797,0.00176936,{"v":6.79986e-15,"d":"6.80E-15"},461053,{"v":8.88426614680507e-5,"d":"8.88E-05"},40.9646373199118]
["Beef intake","rs4676964","T","C",0.510605,0.0133533,0.00172438,{"v":9.60064e-15,"d":"9.60E-15"},461053,{"v":8.91152026715064e-5,"d":"8.91E-05"},41.0903150786568]
["Cereal intake","rs10857964","C","T",0.205117,0.0140866,0.0022053,{"v":1.7e-10,"d":"1.70E-10"},441640,{"v":6.47063981721797e-5,"d":"6.47E-05"},28.5786534976976]
["Cereal intake","rs11038810","G","A",0.644091,0.0111343,0.00186325,{"v":2.30001e-9,"d":"2.30E-09"},441640,{"v":5.68384248615377e-5,"d":"5.68E-05"},25.1034351187105]
["Cereal intake","rs11097340","T","C",0.399592,-0.0115334,0.00181501,{"v":2.1e-10,"d":"2.10E-10"},441640,{"v":6.38275184306459e-5,"d":"6.38E-05"},28.1904569115817]
["Cereal intake","rs112780312","A","G",0.274969,-0.0121483,0.0020189,{"v":1.79999e-9,"d":"1.80E-09"},441640,{"v":5.88438828659548e-5,"d":"5.88E-05"},25.9892240480102]
["Cereal intake","rs11670024","G","A",0.115508,0.0160114,0.00279947,{"v":1.09999e-8,"d":"1.10E-08"},441640,{"v":5.23835085882457e-5,"d":"5.24E-05"},23.135759898173]
["Cereal intake","rs11940694","G","A",0.604068,-0.0126647,0.00183426,{"v":5.00035e-12,"d":"5.00E-12"},441640,{"v":7.67231177669088e-5,"d":"7.67E-05"},33.8864441579879]
["Cereal intake","rs12354267","C","T",0.309145,0.0116473,0.00193279,{"v":1.7e-9,"d":"1.70E-09"},441640,{"v":5.79468257732287e-5,"d":"5.79E-05"},25.5930032741389]
["Cereal intake","rs13234131","G","A",0.128369,0.0170117,0.0026602,{"v":1.6e-10,"d":"1.60E-10"},441640,{"v":6.47617017424076e-5,"d":"6.48E-05"},28.6030808183023]
["Cereal intake","rs184643","A","G",0.56672,-0.0121653,0.00180474,{"v":1.59993e-11,"d":"1.60E-11"},441640,{"v":7.26796495112663e-5,"d":"7.27E-05"},32.10042809872]
["Cereal intake","rs1853931","A","G",0.531294,-0.0113368,0.00181017,{"v":3.79997e-10,"d":"3.80E-10"},441640,{"v":6.40097881944205e-5,"d":"6.40E-05"},28.2709644570544]
["Cereal intake","rs2504706","C","T",0.234682,0.0181793,0.00210238,{"v":5.30029e-18,"d":"5.30E-18"},441640,0.000118715114948658,52.435330802019]
["Cereal intake","rs2799849","T","C",0.678123,-0.0123289,0.00190573,{"v":9.79941e-11,"d":"9.80E-11"},441640,{"v":6.63555228067572e-5,"d":"6.64E-05"},29.3070650669551]
["Cereal intake","rs2817377","A","G",0.537948,0.00990084,0.00178933,{"v":3.09999e-8,"d":"3.10E-08"},441640,{"v":4.87309897099231e-5,"d":"4.87E-05"},21.5225056465122]
["Cereal intake","rs2927238","G","T",0.613181,0.0102465,0.0018288,{"v":2.1e-8,"d":"2.10E-08"},441640,{"v":4.98055306552136e-5,"d":"4.98E-05"},21.9971105252698]
["Cereal intake","rs3115230","A","C",0.752001,-0.0114779,0.00207131,{"v":2.99999e-8,"d":"3.00E-08"},441640,{"v":4.91386495430333e-5,"d":"4.91E-05"},21.7025613414421]
["Cereal intake","rs4410790","C","T",0.630668,-0.0109143,0.00184697,{"v":3.40001e-9,"d":"3.40E-09"},441640,{"v":5.54931660124588e-5,"d":"5.55E-05"},24.509250947342]
["Cereal intake","rs4739095","A","G",0.765732,-0.0128656,0.00210523,{"v":9.90011e-10,"d":"9.90E-10"},441640,{"v":5.93854226571109e-5,"d":"5.94E-05"},26.228416877063]
["Cereal intake","rs491711","C","A",0.311975,0.0116885,0.00193366,{"v":1.5e-9,"d":"1.50E-09"},441640,{"v":5.86504799511294e-5,"d":"5.87E-05"},25.9037999349556]
["Cereal intake","rs68136852","A","C",0.152389,-0.0141222,0.00247848,{"v":1.2e-8,"d":"1.20E-08"},441640,{"v":5.15210748053126e-5,"d":"5.15E-05"},22.754836788517]
["Cereal intake","rs79642906","A","G",0.083314,-0.0181581,0.00322812,{"v":1.89998e-8,"d":"1.90E-08"},441640,{"v":5.03627443258544e-5,"d":"5.04E-05"},22.2432219082796]
["Cereal intake","rs8097544","G","A",0.145206,-0.0246368,0.00254108,{"v":3.19963e-22,"d":"3.20E-22"},441640,0.000150676186045241,66.5543576094175]
["Cereal intake","rs9374896","T","C",0.466274,0.0175265,0.00179165,{"v":1.29987e-22,"d":"1.30E-22"},441640,0.000152890305686505,67.5324938864109]
["Cereal intake","rs9846396","T","C",0.441556,0.0119674,0.00180031,{"v":2.99985e-11,"d":"3.00E-11"},441640,{"v":7.06309470818285e-5,"d":"7.06E-05"},31.1955135759932]
["Cooked vegetable intake","rs28450747","A","G",0.23257,-0.0101604,0.0018547,{"v":4.30002e-8,"d":"4.30E-08"},448651,{"v":3.68505583532506e-5,"d":"3.69E-05"},19.9351655649722]
["Cooked vegetable intake","rs1816263","C","T",0.280188,0.00958122,0.00174063,{"v":3.69999e-8,"d":"3.70E-08"},448651,{"v":3.70288508266756e-5,"d":"3.70E-05"},19.9590885236403]
["Cooked vegetable intake","rs10161952","C","A",0.31274,-0.0095798,0.00168589,{"v":1.29999e-8,"d":"1.30E-08"},448651,{"v":3.94500338197349e-5,"d":"3.95E-05"},20.3204903674454]
["Cooked vegetable intake","rs2252508","G","A",0.480256,0.0091021,0.00156216,{"v":5.69994e-9,"d":"5.70E-09"},448651,{"v":4.13595194980254e-5,"d":"4.14E-05"},20.4508562287548]
["Cooked vegetable intake","rs2102738","C","A",0.172403,-0.0121578,0.00208302,{"v":5.30005e-9,"d":"5.30E-09"},448651,{"v":4.21797218733776e-5,"d":"4.22E-05"},20.7218928355204]
["Cooked vegetable intake","rs2052063","T","C",0.515902,-0.00945755,0.0015679,{"v":1.6e-9,"d":"1.60E-09"},448651,{"v":4.46773893147809e-5,"d":"4.47E-05"},20.7769451467662]
["Cooked vegetable intake","rs1421085","C","T",0.40346,0.0103316,0.00159054,{"v":8.30042e-11,"d":"8.30E-11"},448651,{"v":5.13813152353848e-5,"d":"5.14E-05"},20.9259000136913]
["Cooked vegetable intake","rs4851029","G","T",0.526969,0.0101744,0.00156423,{"v":7.8001e-11,"d":"7.80E-11"},448651,{"v":5.16086242110974e-5,"d":"5.16E-05"},22.3820997481934]
["Cooked vegetable intake","rs28711392","C","T",0.367132,-0.0107461,0.00163223,{"v":4.60045e-11,"d":"4.60E-11"},448651,{"v":5.36620337367858e-5,"d":"5.37E-05"},24.5148969144666]
["Cooked vegetable intake","rs10156602","G","A",0.361369,0.0110063,0.00163687,{"v":1.80011e-11,"d":"1.80E-11"},448651,{"v":5.59131008292557e-5,"d":"5.59E-05"},28.0430566287234]
["Cooked vegetable intake","rs12629972","C","T",0.588311,0.0117995,0.00159079,{"v":1.20005e-13,"d":"1.20E-13"},448651,{"v":6.74424652374087e-5,"d":"6.74E-05"},29.0128760035625]
["Dried fruit intake","rs11152349","A","G",0.302856,0.00991215,0.0018176,{"v":4.90004e-8,"d":"4.90E-08"},421764,{"v":4.1488181830743e-5,"d":"4.15E-05"},30.2736307751516]
["Dried fruit intake","rs862227","G","A",0.458327,-0.0091646,0.00167238,{"v":4.30002e-8,"d":"4.30E-08"},421764,{"v":4.17032263437916e-5,"d":"4.17E-05"},30.6365366954915]
["Dried fruit intake","rs11632215","C","A",0.120179,-0.0141434,0.00258382,{"v":4.39997e-8,"d":"4.40E-08"},421764,{"v":4.23019661757296e-5,"d":"4.23E-05"},32.5084411332952]
["Dried fruit intake","rs17184707","T","C",0.212811,-0.0114381,0.00204011,{"v":2.1e-8,"d":"2.10E-08"},421764,{"v":4.38339757617499e-5,"d":"4.38E-05"},38.3066460284386]
["Dried fruit intake","rs1648404","T","C",0.476112,0.00941595,0.00167357,{"v":1.79999e-8,"d":"1.80E-08"},421764,{"v":4.42288717987034e-5,"d":"4.42E-05"},40.1780018257999]
["Dried fruit intake","rs4140799","A","G",0.531856,0.0094566,0.00167846,{"v":1.79999e-8,"d":"1.80E-08"},421764,{"v":4.45321393182314e-5,"d":"4.45E-05"},41.0534310177348]
["Dried fruit intake","rs893856","A","G",0.148988,-0.013361,0.00234923,{"v":1.29999e-8,"d":"1.30E-08"},421764,{"v":4.52683742785691e-5,"d":"4.53E-05"},43.7682612654437]
["Dried fruit intake","rs261809","G","A",0.540636,-0.00962858,0.00167902,{"v":9.80009e-9,"d":"9.80E-09"},421764,{"v":4.60485967138064e-5,"d":"4.60E-05"},10.0668784684961]
["Dried fruit intake","rs72720396","G","A",0.229157,0.0114265,0.00198541,{"v":8.70001e-9,"d":"8.70E-09"},421764,{"v":4.61270312957111e-5,"d":"4.61E-05"},10.0826985118936]
["Dried fruit intake","rs7582086","T","G",0.468273,-0.00962821,0.00167381,{"v":8.79995e-9,"d":"8.80E-09"},421764,{"v":4.61645849055059e-5,"d":"4.62E-05"},10.1954502247475]
["Dried fruit intake","rs11720884","G","A",0.250137,0.0111797,0.00193554,{"v":7.59994e-9,"d":"7.60E-09"},421764,{"v":4.68867528818534e-5,"d":"4.69E-05"},10.3694635080259]
["Dried fruit intake","rs17175518","A","C",0.232775,0.0114962,0.00197514,{"v":5.89997e-9,"d":"5.90E-09"},421764,{"v":4.7206053920659e-5,"d":"4.72E-05"},10.3740963231771]
["Dried fruit intake","rs1582322","G","A",0.604805,0.00994346,0.00171571,{"v":6.80002e-9,"d":"6.80E-09"},421764,{"v":4.7264152167036e-5,"d":"4.73E-05"},10.5595036477088]
["Dried fruit intake","rs57499472","C","T",0.404131,0.00991231,0.00171869,{"v":8.10009e-9,"d":"8.10E-09"},421764,{"v":4.73208682675098e-5,"d":"4.73E-05"},10.5719976633468]
["Dried fruit intake","rs7829800","G","A",0.671041,-0.0104463,0.00178709,{"v":5.1e-9,"d":"5.10E-09"},421764,{"v":4.81776721789112e-5,"d":"4.82E-05"},10.7779493849799]
["Dried fruit intake","rs10026792","A","G",0.290404,0.0108465,0.0018423,{"v":3.89996e-9,"d":"3.90E-09"},421764,{"v":4.84867404683126e-5,"d":"4.85E-05"},10.8464346135514]
["Dried fruit intake","rs1622515","G","A",0.484704,0.00991719,0.00167077,{"v":2.90001e-9,"d":"2.90E-09"},421764,{"v":4.91293070103172e-5,"d":"4.91E-05"},11.3203532163451]
["Dried fruit intake","rs75641275","C","A",0.143372,-0.0141613,0.00238518,{"v":2.90001e-9,"d":"2.90E-09"},421764,{"v":4.92598234978861e-5,"d":"4.93E-05"},11.3213039616623]
["Dried fruit intake","rs62084586","C","T",0.165729,0.0133946,0.00226174,{"v":3.2e-9,"d":"3.20E-09"},421764,{"v":4.96129613806414e-5,"d":"4.96E-05"},11.7792035294741]
["Dried fruit intake","rs7599488","T","C",0.426408,-0.0104154,0.00168729,{"v":6.69993e-10,"d":"6.70E-10"},421764,{"v":5.30652643816958e-5,"d":"5.31E-05"},11.8533866731832]
["Dried fruit intake","rs7808471","C","T",0.322136,-0.0115362,0.00178604,{"v":1.09999e-10,"d":"1.10E-10"},421764,{"v":5.81215758414138e-5,"d":"5.81E-05"},12.1376144983523]
["Dried fruit intake","rs3764002","T","C",0.261416,0.0131215,0.00190081,{"v":5.10035e-12,"d":"5.10E-12"},421764,{"v":6.64858194031821e-5,"d":"6.65E-05"},12.2288471528428]
["Dried fruit intake","rs4149513","A","G",0.493537,0.01173,0.00167139,{"v":2.19989e-12,"d":"2.20E-12"},421764,{"v":6.87849553875904e-5,"d":"6.88E-05"},12.4007810230183]
["Dried fruit intake","rs4800488","A","C",0.489858,0.0119836,0.00167202,{"v":7.70016e-13,"d":"7.70E-13"},421764,{"v":7.17737916689586e-5,"d":"7.18E-05"},12.4798802441994]
["Dried fruit intake","rs9385269","T","C",0.524565,0.0120673,0.00168183,{"v":7.19946e-13,"d":"7.20E-13"},421764,{"v":7.26341193318251e-5,"d":"7.26E-05"},12.6161777228662]
["Dried fruit intake","rs4269101","G","T",0.718948,-0.0138099,0.00185921,{"v":1.10002e-13,"d":"1.10E-13"},421764,{"v":7.70717505390001e-5,"d":"7.71E-05"},12.6704570632587]
["Dried fruit intake","rs34162196","T","C",0.101001,-0.0223628,0.00277168,{"v":7.10068e-16,"d":"7.10E-16"},421764,{"v":9.0817017970035e-5,"d":"9.08E-05"},12.7798710404775]
["Dried fruit intake","rs10896126","G","A",0.303582,-0.015009,0.00181919,{"v":1.59993e-16,"d":"1.60E-16"},421764,{"v":9.52531872076441e-5,"d":"9.53E-05"},12.8101398949918]
["Dried fruit intake","rs3101339","C","A",0.603285,0.0142595,0.00170546,{"v":6.20012e-17,"d":"6.20E-17"},421764,{"v":9.73284348792622e-5,"d":"9.73E-05"},13.1158024092373]
["Dried fruit intake","rs429358","C","T",0.154208,0.0199445,0.00231362,{"v":6.70039e-18,"d":"6.70E-18"},421764,0.000103764017846085,13.1511059249114]
["Fresh fruit intake","rs78537042","A","C",0.086801,-0.0119259,0.00218432,{"v":4.79999e-8,"d":"4.80E-08"},446462,{"v":2.25477119639386e-5,"d":"2.25E-05"},13.6106098813059]
["Fresh fruit intake","rs9919429","G","A",0.486008,-0.00672322,0.00122289,{"v":3.79997e-8,"d":"3.80E-08"},446462,{"v":2.25831447674e-5,"d":"2.26E-05"},13.7272138247136]
["Fresh fruit intake","rs12780952","A","G",0.286382,0.00747457,0.00135361,{"v":3.40001e-8,"d":"3.40E-08"},446462,{"v":2.28356793547357e-5,"d":"2.28E-05"},14.3530832428566]
["Fresh fruit intake","rs329274","G","A",0.485636,0.0068183,0.00122813,{"v":2.80001e-8,"d":"2.80E-08"},446462,{"v":2.32254237173368e-5,"d":"2.32E-05"},14.7994284153695]
["Fresh fruit intake","rs8095324","G","A",0.404041,-0.00694613,0.00124903,{"v":2.69998e-8,"d":"2.70E-08"},446462,{"v":2.32358000106384e-5,"d":"2.32E-05"},15.2485411298676]
["Fresh fruit intake","rs6475724","T","C",0.727296,0.00772163,0.00137406,{"v":1.89998e-8,"d":"1.90E-08"},446462,{"v":2.36510637105569e-5,"d":"2.37E-05"},15.3577212718414]
["Fresh fruit intake","rs72974263","T","C",0.318282,0.00738684,0.00131242,{"v":1.79999e-8,"d":"1.80E-08"},446462,{"v":2.36790470109688e-5,"d":"2.37E-05"},16.8625914769659]
["Fresh fruit intake","rs2093654","G","A",0.388133,0.00712915,0.00125874,{"v":1.5e-8,"d":"1.50E-08"},446462,{"v":2.41403243331678e-5,"d":"2.41E-05"},17.9999415485964]
["Fresh fruit intake","rs4302893","A","G",0.334189,0.00738857,0.00129959,{"v":1.29999e-8,"d":"1.30E-08"},446462,{"v":2.42937130165785e-5,"d":"2.43E-05"},19.0477715168049]
["Fresh fruit intake","rs7869969","G","A",0.330836,0.00756738,0.00129919,{"v":5.69994e-9,"d":"5.70E-09"},446462,{"v":2.53551632552551e-5,"d":"2.54E-05"},19.4254476349805]
["Fresh fruit intake","rs17049185","T","G",0.267872,0.00804043,0.00139033,{"v":7.29995e-9,"d":"7.30E-09"},446462,{"v":2.53572926668557e-5,"d":"2.54E-05"},22.8139155082255]
["Fresh fruit intake","rs817223","C","T",0.481314,-0.00726908,0.00122339,{"v":2.80001e-9,"d":"2.80E-09"},446462,{"v":2.63828624297089e-5,"d":"2.64E-05"},26.6385913008]
["Fresh fruit intake","rs149449","A","G",0.489167,0.00728855,0.00122061,{"v":2.39999e-9,"d":"2.40E-09"},446462,{"v":2.65490121790889e-5,"d":"2.65E-05"},27.7805123556831]
["Fresh fruit intake","rs12885598","A","G",0.596671,0.00751549,0.00124738,{"v":1.7e-9,"d":"1.70E-09"},446462,{"v":2.71856034806642e-5,"d":"2.72E-05"},30.5107184171003]
["Fresh fruit intake","rs1866823","A","G",0.544469,0.00743079,0.0012406,{"v":2.1e-9,"d":"2.10E-09"},446462,{"v":2.73899390885278e-5,"d":"2.74E-05"},79.9384878663482]
["Fresh fruit intake","rs7982441","C","T",0.731883,-0.00841258,0.00137614,{"v":9.80009e-10,"d":"9.80E-10"},446462,{"v":2.77750226023499e-5,"d":"2.78E-05"},14.803926078425]
["Fresh fruit intake","rs10840126","G","A",0.376121,-0.00771754,0.00128576,{"v":1.89998e-9,"d":"1.90E-09"},446462,{"v":2.79521825120035e-5,"d":"2.80E-05"},14.8410358543773]
["Fresh fruit intake","rs1051547","C","T",0.561537,-0.00757523,0.00124161,{"v":1.09999e-9,"d":"1.10E-09"},446462,{"v":2.82574502124542e-5,"d":"2.83E-05"},15.1095879873743]
["Fresh fruit intake","rs11085749","A","G",0.387076,-0.00773361,0.00125477,{"v":7.10003e-10,"d":"7.10E-10"},446462,{"v":2.83790204902973e-5,"d":"2.84E-05"},15.1277692120279]
["Fresh fruit intake","rs10064431","C","T",0.522495,-0.00757392,0.00122365,{"v":5.99998e-10,"d":"6.00E-10"},446462,{"v":2.86240765767822e-5,"d":"2.86E-05"},15.365488336615]
["Fresh fruit intake","rs1375566","A","G",0.627412,-0.00783382,0.001266,{"v":6.1e-10,"d":"6.10E-10"},446462,{"v":2.8691870152133e-5,"d":"2.87E-05"},16.1117263551107]
["Fresh fruit intake","rs60452247","A","G",0.363079,0.00796969,0.00126932,{"v":3.40001e-10,"d":"3.40E-10"},446462,{"v":2.93764662305935e-5,"d":"2.94E-05"},17.1411814202285]
["Fresh fruit intake","rs12044599","G","A",0.21008,0.00942073,0.0015033,{"v":3.69999e-10,"d":"3.70E-10"},446462,{"v":2.94555358868407e-5,"d":"2.95E-05"},17.1432549299303]
["Fresh fruit intake","rs7554485","C","T",0.611539,-0.00801014,0.00125414,{"v":1.7e-10,"d":"1.70E-10"},446462,{"v":3.04846906017892e-5,"d":"3.05E-05"},17.5848778734867]
["Fresh fruit intake","rs12641371","T","C",0.433148,0.00791271,0.00123354,{"v":1.40001e-10,"d":"1.40E-10"},446462,{"v":3.07458490567339e-5,"d":"3.07E-05"},18.3365356756682]
["Fresh fruit intake","rs4953150","T","C",0.344088,-0.00843921,0.00129268,{"v":6.59933e-11,"d":"6.60E-11"},446462,{"v":3.21476096974837e-5,"d":"3.21E-05"},18.752697656218]
["Fresh fruit intake","rs11896330","A","G",0.632839,-0.00844567,0.0012744,{"v":3.40017e-11,"d":"3.40E-11"},446462,{"v":3.31472872249812e-5,"d":"3.31E-05"},19.6287982504613]
["Fresh fruit intake","rs2790688","T","C",0.154068,0.0114466,0.00169613,{"v":1.50003e-11,"d":"1.50E-11"},446462,{"v":3.41531611879777e-5,"d":"3.42E-05"},19.9145349234632]
["Fresh fruit intake","rs2143081","A","G",0.539822,0.00832073,0.00122891,{"v":1.29987e-11,"d":"1.30E-11"},446462,{"v":3.43976907263693e-5,"d":"3.44E-05"},22.3163797875723]
["Fresh fruit intake","rs10838724","T","G",0.367992,0.00901088,0.00128277,{"v":2.09991e-12,"d":"2.10E-12"},446462,{"v":3.77681194476477e-5,"d":"3.78E-05"},22.9051810339271]
["Fresh fruit intake","rs13072255","C","A",0.493966,0.00898012,0.00122355,{"v":2.09991e-13,"d":"2.10E-13"},446462,{"v":4.03154053524539e-5,"d":"4.03E-05"},24.3455276589327]
["Fresh fruit intake","rs73455661","G","A",0.279338,0.0102938,0.0013622,{"v":4.10015e-14,"d":"4.10E-14"},446462,{"v":4.2662184512077e-5,"d":"4.27E-05"},39.7278321384094]
["Fresh fruit intake","rs28479795","T","C",0.221473,0.0112324,0.00147345,{"v":2.49977e-14,"d":"2.50E-14"},446462,{"v":4.35080465701297e-5,"d":"4.35E-05"},25.3113130978873]
["Fresh fruit intake","rs862227","G","A",0.457858,-0.0101452,0.00122398,{"v":1.10002e-16,"d":"1.10E-16"},446462,{"v":5.10969622954911e-5,"d":"5.11E-05"},25.3964847894589]
["Fresh fruit intake","rs34162196","T","C",0.1008,-0.0181417,0.0020297,{"v":4.00037e-19,"d":"4.00E-19"},446462,{"v":5.96626841619422e-5,"d":"5.97E-05"},25.8028625770952]
["Fresh fruit intake","rs10828266","G","A",0.715634,0.0123642,0.00135696,{"v":8.10028e-20,"d":"8.10E-20"},446462,{"v":6.2220095528268e-5,"d":"6.22E-05"},26.216451152561]
["Fresh fruit intake","rs1620977","G","A",0.730517,-0.0131742,0.00137761,{"v":1.10002e-21,"d":"1.10E-21"},446462,{"v":6.8334528247885e-5,"d":"6.83E-05"},27.003841612172]
["Fresh fruit intake","rs10249294","A","G",0.372973,0.0195637,0.00126299,{"v":4.10015e-54,"d":"4.10E-54"},446462,0.000179017554705289,27.0192473205796]
["Lamb/mutton intake","rs17270057","C","T",0.113347,0.0126533,0.00230897,{"v":4.30002e-8,"d":"4.30E-08"},460006,{"v":3.21811324930183e-5,"d":"3.22E-05"},27.09326538151]
["Lamb/mutton intake","rs2926119","A","C",0.569417,0.00811121,0.00148179,{"v":4.39997e-8,"d":"4.40E-08"},460006,{"v":3.22618000187967e-5,"d":"3.23E-05"},27.3608430718133]
["Lamb/mutton intake","rs3964074","C","T",0.547043,-0.00814112,0.00147218,{"v":3.2e-8,"d":"3.20E-08"},460006,{"v":3.28455659177009e-5,"d":"3.28E-05"},27.373637563241]
["Lamb/mutton intake","rs56394517","G","A",0.09584,-0.0137749,0.00249124,{"v":3.2e-8,"d":"3.20E-08"},460006,{"v":3.28850873775349e-5,"d":"3.29E-05"},27.4481076429067]
["Lamb/mutton intake","rs2222760","A","G",0.28089,-0.00909294,0.00163727,{"v":2.80001e-8,"d":"2.80E-08"},460006,{"v":3.34018293345187e-5,"d":"3.34E-05"},27.4997808023626]
["Lamb/mutton intake","rs6829572","A","G",0.456717,0.008401,0.00147406,{"v":1.2e-8,"d":"1.20E-08"},460006,{"v":3.50239607886857e-5,"d":"3.50E-05"},27.5426806630723]
["Lamb/mutton intake","rs673696","T","C",0.080995,0.0158208,0.00268204,{"v":3.69999e-9,"d":"3.70E-09"},460006,{"v":3.72617253550711e-5,"d":"3.73E-05"},27.5455627301441]
["Lamb/mutton intake","rs4272399","A","C",0.321491,-0.00924231,0.00157567,{"v":4.49997e-9,"d":"4.50E-09"},460006,{"v":3.72662326097259e-5,"d":"3.73E-05"},27.734721654579]
["Lamb/mutton intake","rs11743441","T","G",0.574343,-0.00884199,0.00148593,{"v":2.69998e-9,"d":"2.70E-09"},460006,{"v":3.82262016643309e-5,"d":"3.82E-05"},27.8562196375154]
["Lamb/mutton intake","rs35797675","G","T",0.215928,-0.0108498,0.0017934,{"v":1.40001e-9,"d":"1.40E-09"},460006,{"v":3.98600985633796e-5,"d":"3.99E-05"},28.0156803149828]
["Lamb/mutton intake","rs660880","A","G",0.51281,-0.00903233,0.001464,{"v":6.80002e-10,"d":"6.80E-10"},460006,{"v":4.07647177150452e-5,"d":"4.08E-05"},28.0250850947476]
["Lamb/mutton intake","rs136548","T","C",0.376668,0.00953241,0.00151227,{"v":2.90001e-10,"d":"2.90E-10"},460006,{"v":4.26691087623889e-5,"d":"4.27E-05"},28.3605329230408]
["Lamb/mutton intake","rs7447465","C","T",0.619449,0.00958232,0.0015062,{"v":2e-10,"d":"2.00E-10"},460006,{"v":4.3290216647968e-5,"d":"4.33E-05"},28.9080594436771]
["Lamb/mutton intake","rs11090045","A","G",0.307145,-0.0106761,0.00160657,{"v":2.99985e-11,"d":"3.00E-11"},460006,{"v":4.85110938069647e-5,"d":"4.85E-05"},31.2316874377251]
["Lamb/mutton intake","rs2678900","G","T",0.427924,0.0100844,0.00148119,{"v":9.8992e-12,"d":"9.90E-12"},460006,{"v":4.97909595633614e-5,"d":"4.98E-05"},32.7063402727602]
["Lamb/mutton intake","rs3105056","C","T",0.732738,-0.0116241,0.00164854,{"v":1.80011e-12,"d":"1.80E-12"},460006,{"v":5.29217990491609e-5,"d":"5.29E-05"},33.3736272587854]
["Lamb/mutton intake","rs429358","C","T",0.154171,-0.0181966,0.00202671,{"v":2.70023e-19,"d":"2.70E-19"},460006,{"v":8.63566433687046e-5,"d":"8.64E-05"},33.7256004662866]
["Oily fish intake","rs1201289","G","T",0.394525,-0.0107265,0.0019595,{"v":4.39997e-8,"d":"4.40E-08"},460443,{"v":5.49688706340054e-5,"d":"5.50E-05"},34.3374475598204]
["Oily fish intake","rs7254235","G","A",0.577254,-0.0106304,0.00194012,{"v":4.30002e-8,"d":"4.30E-08"},460443,{"v":5.51538287773792e-5,"d":"5.52E-05"},35.7909989792165]
["Oily fish intake","rs55930451","T","C",0.108001,-0.0170539,0.00307567,{"v":2.90001e-8,"d":"2.90E-08"},460443,{"v":5.60363144893116e-5,"d":"5.60E-05"},37.5521074460225]
["Oily fish intake","rs2952140","T","C",0.482607,-0.0106774,0.00191504,{"v":2.5e-8,"d":"2.50E-08"},460443,{"v":5.69344574725922e-5,"d":"5.69E-05"},39.80934955506]
["Oily fish intake","rs1361016","G","T",0.844853,0.0149567,0.00265295,{"v":1.7e-8,"d":"1.70E-08"},460443,{"v":5.86443387746448e-5,"d":"5.86E-05"},40.8294116914373]
["Oily fish intake","rs7243428","G","A",0.224648,-0.0129784,0.00229212,{"v":1.5e-8,"d":"1.50E-08"},460443,{"v":5.86777934431693e-5,"d":"5.87E-05"},44.7377917005289]
["Oily fish intake","rs10061973","T","G",0.5139,-0.0108521,0.00191598,{"v":1.5e-8,"d":"1.50E-08"},460443,{"v":5.88385292656865e-5,"d":"5.88E-05"},44.853352754243]
["Oily fish intake","rs6033437","A","C",0.257329,0.0124683,0.00220977,{"v":1.7e-8,"d":"1.70E-08"},460443,{"v":5.94195940448945e-5,"d":"5.94E-05"},47.0858968525805]
["Oily fish intake","rs75887709","G","A",0.13588,-0.0159106,0.0028148,{"v":1.6e-8,"d":"1.60E-08"},460443,{"v":5.94473782140506e-5,"d":"5.94E-05"},49.1315052735279]
["Oily fish intake","rs10076975","C","T",0.381413,0.0112394,0.0019672,{"v":1.09999e-8,"d":"1.10E-08"},460443,{"v":5.96090953803857e-5,"d":"5.96E-05"},51.6231896079176]
["Oily fish intake","rs9958909","G","T",0.139718,0.0157617,0.00277809,{"v":1.40001e-8,"d":"1.40E-08"},460443,{"v":5.97213073542563e-5,"d":"5.97E-05"},75.140802009064]
["Oily fish intake","rs12663865","A","G",0.758185,0.012772,0.00223239,{"v":1.09999e-8,"d":"1.10E-08"},460443,{"v":5.9814467461186e-5,"d":"5.98E-05"},75.7125291580114]
["Oily fish intake","rs10510554","C","T",0.569277,0.0110446,0.00193636,{"v":1.2e-8,"d":"1.20E-08"},460443,{"v":5.98207260747446e-5,"d":"5.98E-05"},84.5075523854518]
["Oily fish intake","rs9597870","G","T",0.245844,-0.0127449,0.00223046,{"v":1.09999e-8,"d":"1.10E-08"},460443,{"v":6.02314979568465e-5,"d":"6.02E-05"},87.2031085711646]
["Oily fish intake","rs6059844","G","A",0.495121,0.0110001,0.00191451,{"v":9.20005e-9,"d":"9.20E-09"},460443,{"v":6.04953391771371e-5,"d":"6.05E-05"},88.8257542405814]
["Oily fish intake","rs9301837","A","C",0.143273,-0.0157428,0.00273045,{"v":8.10009e-9,"d":"8.10E-09"},460443,{"v":6.08416187864265e-5,"d":"6.08E-05"},23.56212372]
["Oily fish intake","rs61882686","A","C",0.085234,0.0197559,0.0034254,{"v":8e-9,"d":"8.00E-09"},460443,{"v":6.0862041892109e-5,"d":"6.09E-05"},24.53203958]
["Oily fish intake","rs55985303","A","G",0.241079,0.0129737,0.00223629,{"v":6.59994e-9,"d":"6.60E-09"},460443,{"v":6.15904886488382e-5,"d":"6.16E-05"},25.90483974]
["Oily fish intake","rs2374424","G","A",0.601525,-0.0114437,0.00195609,{"v":4.90004e-9,"d":"4.90E-09"},460443,{"v":6.27794757870372e-5,"d":"6.28E-05"},26.78547288]
["Oily fish intake","rs552234","A","G",0.495449,-0.0116474,0.00191252,{"v":1.09999e-9,"d":"1.10E-09"},460443,{"v":6.78253438286041e-5,"d":"6.78E-05"},13.6900642911883]
["Oily fish intake","rs59355765","T","C",0.160079,-0.0162522,0.00260966,{"v":4.70002e-10,"d":"4.70E-10"},460443,{"v":7.10275957615514e-5,"d":"7.10E-05"},14.8442856654457]
["Oily fish intake","rs17050031","T","C",0.4801,-0.0120492,0.0019207,{"v":3.50002e-10,"d":"3.50E-10"},460443,{"v":7.24766223055887e-5,"d":"7.25E-05"},15.3430865423586]
["Oily fish intake","rs6465487","G","A",0.399814,-0.0123535,0.00195628,{"v":2.69998e-10,"d":"2.70E-10"},460443,{"v":7.32409372138893e-5,"d":"7.32E-05"},16.2388966132425]
["Oily fish intake","rs12855717","T","C",0.526774,-0.0122298,0.00192275,{"v":2e-10,"d":"2.00E-10"},460443,{"v":7.45695692415468e-5,"d":"7.46E-05"},16.5289516797729]
["Oily fish intake","rs4278546","G","A",0.441085,0.0125555,0.00193806,{"v":9.30037e-11,"d":"9.30E-11"},460443,{"v":7.7725956397433e-5,"d":"7.77E-05"},22.3366693342462]
["Oily fish intake","rs9889161","T","G",0.357929,-0.0133201,0.0020015,{"v":2.80027e-11,"d":"2.80E-11"},460443,{"v":8.15501770368238e-5,"d":"8.16E-05"},28.2319806410818]
["Oily fish intake","rs790564","C","A",0.722952,0.0146906,0.00214766,{"v":7.89951e-12,"d":"7.90E-12"},460443,{"v":8.64517016708949e-5,"d":"8.65E-05"},39.80934955506]
["Oily fish intake","rs45501495","T","C",0.236013,0.0156803,0.00225713,{"v":3.69999e-12,"d":"3.70E-12"},460443,{"v":8.86667162167955e-5,"d":"8.87E-05"},40.8294116914373]
["Oily fish intake","rs4869859","C","T",0.449939,0.0140098,0.00192207,{"v":3.10027e-13,"d":"3.10E-13"},460443,{"v":9.71534795302735e-5,"d":"9.72E-05"},44.7377917005289]
["Oily fish intake","rs1951286","G","T",0.644911,-0.0145833,0.00199948,{"v":2.99985e-13,"d":"3.00E-13"},460443,{"v":9.74044097721351e-5,"d":"9.74E-05"},44.853352754243]
["Oily fish intake","rs9841174","C","T",0.373913,0.0147781,0.00198025,{"v":8.49963e-14,"d":"8.50E-14"},460443,0.000102252150043959,47.0858968525805]
["Oily fish intake","rs28533540","A","G",0.534203,0.0146421,0.00192478,{"v":2.80027e-14,"d":"2.80E-14"},460443,0.000106693937420384,49.1315052735279]
["Oily fish intake","rs1876245","C","T",0.431482,0.0151162,0.00193122,{"v":5.00035e-15,"d":"5.00E-15"},460443,0.000112104270531738,51.6231896079176]
["Oily fish intake","rs35287743","T","G",0.115869,-0.0282201,0.00301071,{"v":7.00003e-21,"d":"7.00E-21"},460443,0.000163166489405133,75.140802009064]
["Oily fish intake","rs1421085","C","T",0.40341,0.0184814,0.00194873,{"v":2.49977e-21,"d":"2.50E-21"},460443,0.000164407777390311,75.7125291580114]
["Oily fish intake","rs4002471","T","C",0.547362,-0.0192439,0.0019244,{"v":1.50003e-23,"d":"1.50E-23"},460443,0.000183502435803383,84.5075523854518]
["Oily fish intake","rs3124402","G","A",0.733261,-0.0220014,0.00215651,{"v":1.9002e-24,"d":"1.90E-24"},460443,0.000189354545460066,87.2031085711646]
["Oily fish intake","rs11859365","C","A",0.253765,0.0225669,0.00219679,{"v":9.3994e-25,"d":"9.40E-25"},460443,0.000192877310595694,88.8257542405814]
["Poultry intake","rs9997448","T","C",0.369236,-0.0104646,0.00188288,{"v":2.7e-8,"d":"2.70E-08"},461900,{"v":5.1e-5,"d":"5.10E-05"},23.5621237154241]
["Poultry intake","rs9923768","A","G",0.59853,0.0105123,0.00185899,{"v":1.6e-8,"d":"1.60E-08"},461900,{"v":5.31e-5,"d":"5.31E-05"},24.5320395811593]
["Poultry intake","rs2565017","A","G",0.372697,0.0109515,0.00188211,{"v":5.9e-9,"d":"5.90E-09"},461900,{"v":5.61e-5,"d":"5.61E-05"},25.90483974344]
["Poultry intake","rs7829800","G","A",0.670759,0.011458,0.00194283,{"v":3.7e-9,"d":"3.70E-09"},461900,{"v":5.8e-5,"d":"5.80E-05"},26.7854728800672]
["Salad/raw vegetable intake","rs8130508","A","G",0.289686,0.0087404,0.00157797,{"v":2.99999e-8,"d":"3.00E-08"},435435,{"v":3.14391281494575e-5,"d":"3.14E-05"},13.6900642911883]
["Salad/raw vegetable intake","rs1890012","G","T",0.19473,-0.0104258,0.00180794,{"v":8.10009e-9,"d":"8.10E-09"},435435,{"v":3.4089698365133e-5,"d":"3.41E-05"},14.8442856654457]
["Salad/raw vegetable intake","rs4291983","A","C",0.517576,-0.00839985,0.00142481,{"v":3.69999e-9,"d":"3.70E-09"},435435,{"v":3.52351473738625e-5,"d":"3.52E-05"},15.3430865423586]
["Salad/raw vegetable intake","rs10819082","A","G",0.66734,-0.00916475,0.00151342,{"v":1.40001e-9,"d":"1.40E-09"},435435,{"v":3.72922838363211e-5,"d":"3.73E-05"},16.2388966132425]
["Salad/raw vegetable intake","rs62461186","C","A",0.179827,-0.0113438,0.00185732,{"v":1e-9,"d":"1.00E-09"},435435,{"v":3.79583638994064e-5,"d":"3.80E-05"},16.5289516797729]
["Salad/raw vegetable intake","rs6482190","G","A",0.719408,0.0112719,0.00159025,{"v":1.39991e-12,"d":"1.40E-12"},435435,{"v":5.12949720747312e-5,"d":"5.13E-05"},22.3366693342462]
["Salad/raw vegetable intake","rs790561","G","A",0.704134,0.012474,0.00156199,{"v":1.39991e-15,"d":"1.40E-15"},435435,{"v":6.483236294692e-5,"d":"6.48E-05"},28.2319806410818]